000 00268nam a2200121 a 4500
005 20140513081052.0
008 030203s19uu xx 00 eng d
050 _aP 549
_bMIN
245 _aMinerals.
300 _aPoster
650 _aStones--Posters
999 _c116376
_d116376